| 000 | 00743nam a2200241 i 4500 | ||
|---|---|---|---|
| 001 | bg | ||
| 100 | 1 | _aFOLTYŃSKA, Izabela. | |
| 245 | 1 | 0 |
_aMatematyka dla studentów uczelni technicznych. _nCz. 1 / _cIzabela Foltyńska, Zbigniew Ratajczak, Zdzisław Szafrański. |
| 260 |
_aPoznań : _bWydaw. Politechniki Poznańskiej, _c1999. |
||
| 300 |
_a291 s. : _bil. ; _c24 cm. |
||
| 504 | _aBibliogr. - Indeks. | ||
| 650 | 9 | _aMatematyka | |
| 655 | _aPodręczniki akademickie | ||
| 700 | 1 | _aRATAJCZAK, Zbigniew. | |
| 700 | 1 | _aSZAFRAŃSKI, Zdzisław. | |
| 020 | _a837143135X (cz. 1) | ||
| 040 | _cBPK | ||
| 041 | 0 | _apl | |
| 080 | _a51(075.8) | ||
| 920 | _a83-7143-135-X (cz. 1) | ||
| 942 | _cKS | ||
| 008 | s pl f |000 0 pol | ||
| 999 |
_c37977 _d37977 |
||
| 856 |
_uhttp://koha.tu.koszalin.pl/cgi-bin/koha/opac-detail.pl?biblionumber=37977 _yKatalog online BPK |
||